LIBRARY & INFORMATION CENTRE, KCAET, TAVANUR

ONLINE PUBLIC ACCESS CATALOGUE (OPAC)

Vyakthi mahatmayam / (Record no. 5106)

MARC details
000 -LEADER
fixed length control field 00408cam a2200169ua 4500
041 ## - LANGUAGE CODE
Language code of text/sound track or separate title mal
082 ## - DEWEY DECIMAL CLASSIFICATION NUMBER
Classification number 928.94812
Item number VAL/VA
100 ## - MAIN ENTRY--AUTHOR NAME
Personal name Vaduthala, T K C .
245 ## - TITLE STATEMENT
Title Vyakthi mahatmayam /
260 ## - PUBLICATION, DISTRIBUTION, ETC. (IMPRINT)
Place of publication Kozhikode :
Name of publisher K R Brothers ,
Year of publication 1959.
300 ## - PHYSICAL DESCRIPTION
Number of Pages 150 ; .
942 ## - ADDED ENTRY ELEMENTS (KOHA)
Koha item type Books
Holdings
Withdrawn status Lost status Damaged status Home library Current library Date acquired Full call number Accession Number Koha item type
Withdrawn     KAUAET Malayalam University 07/04/2012 928.94812 1262 Books
free website counter